Tools of total quality : An introduction to statistical process control /

Saved in:
Bibliographic Details
Main Author: Lyonnet, Patrick (Author)
Format: Book
Language:English
Published: London : Chapman and Hall, 1991
Tags: Add Tag
No Tags, Be the first to tag this record!

MARC

LEADER 00000nam a22000003a 4500
001 stu27607
005 20150617225737.2
008 940504s1991----uk------------------eng-d
020 |a 0-412-37690-3 
040 |a STU  |b slo 
041 0 |a eng 
044 |a uk 
080 |a 658.5 
080 |a 620 
100 1 |a Lyonnet, Patrick  |4 aut 
245 1 |a Tools of total quality :  |b An introduction to statistical process control /  |c [aut]Lyonnet,Patrick 
260 |a London :  |b Chapman and Hall,  |c 1991 
300 |a 6,184 s 
996 |c V*42405/O-18106  |l VV16  |s P  |a 0  |w stu27607_0001